Деятельность адвоката при расследовании и рассмотрении уголовных дел о незаконном обороте наркотических средств (Запись № 13666861)
[ простой вид ]
| 000 -МАРКЕР | |
|---|---|
| контрольное поле | 01797nam0a2200337 4500 |
| 001 - ИДЕНТИФИКАТОР ЗАПИСИ | |
| контрольное поле | RU\NLR\BIBL_A\022347403 |
| 005 - ИДЕНТИФИКАТОР ВЕРСИИ | |
| контрольное поле | 20260420015601.0 |
| 010 ## - МЕЖДУНАРОДНЫЙ СТАНДАРТНЫЙ НОМЕР КНИГИ (ISBN) | |
| Номер (ISBN) | 978-5-392-41731-5 |
| Тираж | 1000 |
| 021 ## - НОМЕР ГОСУДАРСТВЕННОЙ РЕГИСТРАЦИИ | |
| Код страны | Российская Федерация |
| Номер | КН-П-24-048858 |
| Номер Листа государственной регистраци | КН-П-24-4856 |
| 035 ## - ДРУГИЕ СИСТЕМНЫЕ НОМЕРА | |
| Идентификатор записи | (NLR Aleph) 022347403 |
| 100 ## - ДАННЫЕ ОБЩЕЙ ОБРАБОТКИ | |
| Данные общей обработки | 20241009d2024 u y0rusy50 ca |
| 101 0# - ЯЗЫК РЕСУРСА | |
| Язык текста, звукозаписи и т.д. | русский |
| 102 ## - СТРАНА ПУБЛИКАЦИИ ИЛИ ПРОИЗВОДСТВА | |
| Страна публикации | Российская Федерация |
| 105 ## - ПОЛЕ КОДИРОВАННЫХ ДАННЫХ: ТЕКСТОВЫЕ МАТЕРИАЛЫ, МОНОГРАФИЧЕСКИЕ | |
| Кодированные данные о монографическом текстовом документе | a j 000yy |
| 181 #0 - ПОЛЕ КОДИРОВАННЫХ ДАННЫХ: ВИД СОДЕРЖАНИЯ | |
| Код вида содержания (ISBD) | i |
| Код характеристики содержания (ISBD) | axxe |
| 182 #0 - ПОЛЕ КОДИРОВАННЫХ ДАННЫХ: ТИП СРЕДСТВА | |
| Код типа средства (ISBD) | n - непосредственное |
| 200 1# - ЗАГЛАВИЕ И СВЕДЕНИЯ ОБ ОТВЕТСТВЕННОСТИ | |
| Основное заглавие | Деятельность адвоката при расследовании и рассмотрении уголовных дел о незаконном обороте наркотических средств |
| Сведения, относящиеся к заглавию | учебное пособие |
| -- | спецкурс для магистрантов |
| Первые сведения об ответственности | Ш. Д. Содиков |
| 203 ## - ВИД СОДЕРЖАНИЯ И ТИП СРЕДСТВА | |
| Вид содержания | Текст |
| Дополнительные сведения об издании | визуальный |
| Тип средства | непосредственный |
| 210 ## - ПУБЛИКАЦИЯ, РАСПРОСТРАНЕНИЕ И ДР. | |
| Место издания, распространения и т.д. | Москва |
| Имя издателя, распространителя и т. д. | Проспект |
| Дата издания, распространения и т.д. | 2024 |
| 215 ## - ФИЗИЧЕСКАЯ ХАРАКТЕРИСТИКА | |
| Специфическое обозначение материала и объем | 160 с. |
| Другие сведения о физической характеристике | табл. |
| Размеры | 22 |
| 300 ## - ОБЩИЕ ПРИМЕЧАНИЯ | |
| Текст примечания | На задней сторонке пер. авт.: Ш. Д. Содиков – канд. юрид. наук |
| 320 ## - ПРИМЕЧАНИЯ О НАЛИЧИИ В ДОКУМЕНТЕ БИБЛИОГРАФИИ / УКАЗАТЕЛЯ | |
| Текст примечания | Библиогр. в конце парагр. |
| 606 1# - НАИМЕНОВАНИЕ ТЕМЫ КАК ПРЕДМЕТ | |
| Наименование темы | Адвокат в уголовном процессе |
| Формальный подзаголовок | Учебные издания для высших учебных заведений |
| Географический подзаголовок | Российская Федерация |
| Системный номер авторитетной/нормативной записи | 2120372 |
| Идентификатор авторитетной/нормативной записи | RU\NLR\AUTH\661280456 |
| 606 1# - НАИМЕНОВАНИЕ ТЕМЫ КАК ПРЕДМЕТ | |
| Наименование темы | Наркотические средства |
| Тематический подзаголовок | Незаконный оборот |
| -- | Расследование |
| Географический подзаголовок | Российская Федерация |
| Системный номер авторитетной/нормативной записи | 2106538 |
| Идентификатор авторитетной/нормативной записи | RU\NLR\AUTH\661273464 |
| 686 1# - ИНДЕКСЫ ДРУГИХ КЛАССИФИКАЦИЙ | |
| Индекс | Х629.316я73 |
| 700 #1 - ИМЯ ЛИЦА - ПЕРВИЧНАЯ ОТВЕТСТВЕННОСТЬ | |
| Начальный элемент ввода | Содиков |
| Часть имени, кроме начального элемента ввода | Ш. Д. |
| Расширение инициалов личного имени | Шарбатулло Джаборович |
| 942 ## - ДОПОЛНИТЕЛЬНЫЕ ЭЛЕМЕНТЫ ЗАПИСИ (АБИС) | |
| Тип экземпляра АБИС | Книга |
| 980 ## - КОЛЛЕКЦИЯ | |
| Название коллекции | Национальная библиография |
Нет доступных экземпляров.